| 000 | 00693nam a22001817a 4500 | ||
|---|---|---|---|
| 008 | 250210b |||||||| |||| 00| 0 eng d | ||
| 020 | _a9783319544441 | ||
| 040 |
_aKABU _cKABU |
||
| 050 |
_aHV1758 _b.M68 2018 |
||
| 245 |
_aMobility of visually impaired people: _bfundamentals and ICT assistive technologies / _cedited by Edwige Pissaloux & Ramiro Velazquez |
||
| 260 |
_aCham, Switzerland: _bSpringer, _c2018 |
||
| 300 |
_axix, 652p. _bincludes bibliographical references and index |
||
| 650 | _aPeople with visual disabilities | ||
| 650 | _aComputers and people with visual disabilities | ||
| 700 |
_aPissaloux, Edwige _eEditor. |
||
| 700 |
_aVelazquez, Ramiro _eEditor. |
||
| 942 |
_2lcc _cBK |
||
| 999 |
_c20638 _d20637 |
||